Statistics for Closest Capital Cities at different Sides of the Tropic of Capricorn

Click here to take the quiz!

General Stats

  • This quiz has been taken 34 times
  • The average score is 29 of 40

Answer Stats

Capital City % Correct
Pretoria
93%
Harare
83%
Montevideo
80%
Brasilia
77%
Lusaka
73%
Antananarivo
73%
Maputo
70%
Gaborone
70%
Lilongwe
63%
Maseru
63%
Mbabane
60%
Dodoma
57%
Moroni
57%

Score Distribution

Percentile by Number Answered

Percent of People with Each Score

Your Score History

You have not taken this quiz